Statistical physics / (Record no. 53055)
[ view plain ]
| 000 -LEADER | |
|---|---|
| fixed length control field | 01041nam a2200349 a 4500 |
| 001 - CONTROL NUMBER | |
| control field | 53055 |
| 003 - CONTROL NUMBER IDENTIFIER | |
| rucl marc code | BD-RJUL |
| 005 - DATE AND TIME OF LATEST TRANSACTION | |
| control field | 20211209075912.0 |
| 008 - FIXED-LENGTH DATA ELEMENTS--GENERAL INFORMATION | |
| fixed length control field | 161002s1988 enka 001 0 eng d |
| 020 ## - INTERNATIONAL STANDARD BOOK NUMBER | |
| International Standard Book Number | 0471915335 (pbk) |
| International Standard Book Number | 0471915327 |
| 035 ## - SYSTEM CONTROL NUMBER | |
| System control number | (BD-RjUL)53175 |
| 040 ## - CATALOGING SOURCE | |
| Original cataloging agency | BD-RjUL |
| Language of cataloging | eng |
| Transcribing agency | BD-RjUL |
| 041 ## - LANGUAGE CODE | |
| Language code of text/sound track or separate title | eng |
| 082 ## - DEWEY DECIMAL CLASSIFICATION NUMBER | |
| Classification number | 530.13 |
| Edition number | 23 |
| Author mark and year | MAS 1988 |
| 100 1# - MAIN ENTRY--PERSONAL NAME | |
| Personal name | Mandl, F. |
| Fuller form of name | (Franz), |
| Dates associated with a name | 1923- |
| 9 (RLIN) | 158568 |
| 245 10 - TITLE STATEMENT | |
| Title | Statistical physics / |
| Statement of responsibility, etc. | F. Mandl. |
| 250 ## - EDITION STATEMENT | |
| Edition statement | 2nd ed. |
| 260 ## - PUBLICATION, DISTRIBUTION, ETC. (IMPRINT) | |
| Place of publication, distribution, etc. | Chichester : |
| Name of publisher, distributor, etc. | Wiley, |
| Date of publication, distribution, etc. | 1988. |
| 300 ## - PHYSICAL DESCRIPTION | |
| Pagination | xv, 385 p. : |
| Illustrations | ill. ; |
| Size | 24 cm. |
| 490 1# - SERIES STATEMENT | |
| Series statement | Manchester physics series. |
| 500 ## - GENERAL NOTE | |
| General note | Text on lining papers. |
| General note | Previous ed.: 1971. |
| 504 ## - BIBLIOGRAPHY, ETC. NOTE | |
| Bibliography, etc | Includes bibliographical references and index. |
| 650 #0 - SUBJECT ADDED ENTRY--TOPICAL TERM | |
| Topical term or geographic name as entry element | Statistical mechanics. |
| 9 (RLIN) | 117125 |
| Topical term or geographic name as entry element | Statistical thermodynamics. |
| 9 (RLIN) | 158569 |
| Topical term or geographic name as entry element | Statistical physics. |
| 9 (RLIN) | 158570 |
| Topical term or geographic name as entry element | Thermodynamics. |
| 9 (RLIN) | 158571 |
| 830 #0 - SERIES ADDED ENTRY--UNIFORM TITLE | |
| Uniform title | Manchester physics series. |
| 942 ## - ADDED ENTRY ELEMENTS (KOHA) | |
| Source of classification or shelving scheme | Dewey Decimal Classification |
| Koha item type | Books |
| Lost status | Source of classification or shelving scheme | Damaged status | Not for loan | Collection code | Permanent Location | Current Location | Shelving location | Date acquired | Source of acquisition | Cost, normal purchase price | Total Checkouts | Full call number | Date last seen | Copy number | Koha item type |
|---|---|---|---|---|---|---|---|---|---|---|---|---|---|---|---|
| Dewey Decimal Classification | Non-fiction | Central Library, University of Rajshahi | Central Library, University of Rajshahi | 13/04/2006 | Paragon Enterprises Dhaka | 65.00 | 530.13 MAS 1988 | 02/10/2016 | C-2 | Books |